|
|
|
|
| LEADER |
00000nam a22000007a 4500 |
| 003 |
cru CIDCACS/IIS |
| 005 |
20230705113633.0 |
| 008 |
230320b1987 cr ||||| |||| 00| 0 spa d |
| 022 |
|
|
|a 1010-111X
|
| 040 |
|
|
|c cru CIDCACS/IIS
|
| 090 |
|
|
|a 03.03.02 I59p
|
| 110 |
1 |
|
|9 11043
|a Instituto Centroamericano de Administración de Empresas (INCAE)
|
| 245 |
|
|
|a Revista-INCAE
|b Promoción de exportaciones una estrategia económica para América Central
|c Instituto Centroamericano de Administración de Empresas (INCAE)
|
| 260 |
|
|
|a Alajuela, Costa Rica
|b INCAE
|c 1987
|
| 300 |
|
|
|a 64 páginas
|b Vol.1, Núm 1
|
| 505 |
|
|
|a Introducción……………………………………………………..5 Forrest Colburn Fragmentación y realineamientos: Respuesta política en la crisis económica en Centroamérica...7 Benjamín Crosby Recuperación económica Centroamericana: mito y realidad…………………………………...15 Marc Lindenberg Opciones económicas estratégicas: su pronóstico e implicaciones……………………………..32 Noel Ramírez La sustitución de importaciones ffrente a la promoción de exportaciones……………………..38 Anne Krueguen De sustición de importaciones a promoción de exportaciones: lecciones aprendidas de Costa Rica………………………………………………………………………………………………44 Iván Seballos, Forrrest Colburn, Roberto Artavia El mercado externo como modelo de desarrollo………………………………………………...53 Adolfo Carvajal La Integración centroamericana en una economía abierta……………………………………….58 Carlos Manuel Castillo
|
| 650 |
|
0 |
|9 5479
|a ADMINISTRACION DE EMPRESAS
|
| 650 |
|
4 |
|9 9160
|a MERCADOS
|
| 650 |
|
4 |
|9 1843
|a IMPORTACIONES
|
| 650 |
|
0 |
|9 95
|a EXPORTACIONES
|
| 773 |
|
|
|t Revista-INCAE. Promoción de exportaciones una estrategia económica para América Central
|
| 942 |
|
|
|2 z
|c PP
|h 03.03.02 I59p
|i 23285
|6 030302_I59P_23285
|
| 999 |
|
|
|c 44823
|d 44823
|